000
00306nam a2200121Ia 4500
008
191201s2012 xx 000 0 und d
100
_a
BHOOSHAN, Sunil
245
0
_a
Fundamentals of Engineering Electromagnetics
260
_a
N. Delhi
_b
Oxford
_c
2012
300
_a
582
650
_a
B.Tech(ECE)
942
_2
ddc
_c
BK
999
_c
97
_d
97